000 00735pam a2200241 a 4500
001 2489084
005 20251030105823.0
008 911114s1992 caua b 001 0 eng c
020 _a080533520X
050 0 0 _aRT84.5
_b.K69 1992
082 0 0 _a610.73
_220
100 1 _aKozier, Barbara.
245 1 0 _aConcepts and issues in nursing practice /
_cBarbara Kozier, Glenora Erb, Kathleen Blais.
250 _a2nd ed.
260 _aRedwood City, Calif. :
_bAddison-Wesley Nursing,
_cc1992.
300 _axiii, 583 p. :
_bill. ;
_c26 cm.
650 0 _aNursing
_xPhilosophy.
650 2 _aNursing Process.
650 2 _aNursing Theory.
700 1 _aErb, Glenora Lea,
_d1937-
700 1 _aBlais, Kathleen.
942 _2lcc
_cBK
_e2nd ed.
_n0
999 _c7938
_d7938